Statistics for 70s and 80s Bands

Click here to take the quiz!

General Stats

  • This quiz has been taken 1,868 times
  • The average score is 13 of 30

Answer Stats

HintAnswer% Correct
John, Paul, George, RingoBeatles
83%
Sting, Stewart, AndyPolice
83%
Freddie, Brian, John, RogerQueen
82%
Ozzy, Tony, Bill, GeezerBlack Sabbath
77%
Adam, Bono, Edge, Larry, DikU2
75%
Eddie, Dave, Alex, MichaelVan Halen
71%
Gene, Paul, Ace, PeterKiss
64%
Robert, Jimmy, John, JohnLed Zeppelin
64%
Mick, John, Christine, Lindsay, StevieFleetwood Mac
63%
Roger, Pete, Keith, JohnThe Who
57%
Paul, Linda, Denny, Jimmy, SteveWings
53%
Huey, Sean, Johnny, Bill, Mario, ChrisHuey Lewis and the News
50%
Ann, Nancy, Roger, Howard, MichaelHeart
46%
Steven, Tom, Joey, Joe, BradAerosmith
43%
Eric, Jack, GingerCream
41%
Geddy, Neil, AlexRush
40%
Belinda, Jane, Kathy, Charlotte, GinaThe Go Go's
37%
Don, Timothy, Glenn, Joe, Don, Randy, BernieThe Eagles
35%
Billy, Dusty, FrankZZ Top
30%
Neal, Jonathan, Steve, Steve, Gregg, RossJourney
26%
David, Stephen, Graham, NeilCrosby, Stills, Nash and Young
25%
Joe, Phil, Rick, Vivian, RickDef Leppard
25%
Mick, Lou, Ian, Ed, Dennis, AlForeigner
19%
Walter, DonaldSteely Dan
19%
Chuck, Dennis, Tommy, James, JohnStyx
14%
Rick, Robin, Bun, TomCheap Trick
13%
John, Tom, Doug, StuCredence Clearwater Revival
12%
Bruce, Neal, Gary, KevinREO Speedwagon
9%
Michael, Tom, Patrick, Jeff, Tiran, Michael, Keith, JohnDoobie Brothers
5%
Gerry, Dan, DeweyAmerica
4%

Score Distribution

Percentile by Number Answered

Percent of People with Each Score

Your Score History

You have not taken this quiz